Entre tinieblas

Luego que su novio muere de una sobredosis, la cantante Yolanda Bell decide esconderse de la policía en un convento de monjas. Para su sorpresa, el claustro resulta ser el lugar menos seguro de todos: poblado por adictas, excéntricas y psicópatas sexuales. La pobre Yolanda se volverá el nuevo objeti...

Descripción completa

Detalles Bibliográficos
Otros Autores: Almodóvar, Pedro (Conductor)
Formato: DVD
Lenguaje:español
Publicado: España: DVD Video, 1983.
Materias:

MARC

LEADER 00000cgm a2200000 a 4500
001 030403
003 UAHC_CL
005 20240530203100.0
008 070104s1983 sp 000 u spa
040 |a UAHC_CL  |c UAHC_CL  |d UAHC_CL 
245 1 0 |a Entre tinieblas   |c Pedro Almodovar. 
260 |a España:  |b DVD Video,  |c 1983. 
300 |a 1 videodisco (107 min.) 
520 |a Luego que su novio muere de una sobredosis, la cantante Yolanda Bell decide esconderse de la policía en un convento de monjas. Para su sorpresa, el claustro resulta ser el lugar menos seguro de todos: poblado por adictas, excéntricas y psicópatas sexuales. La pobre Yolanda se volverá el nuevo objetivo de estas monjitas ansiosas de redimir a lo peor de la humanidad. Comedia negra perteneciente al primer Almodóvar, el más crudo, ofensivo y colorinche (y, según muchos, el más auténtico). 
650 0 |a Cine  |9 3106 
700 |a Almodóvar, Pedro  |e dir.  |9 3378 
900 |a DVD-153 
942 |c DVD  |2 ddc 
952 |0 0  |1 0  |2 ddc  |4 0  |6 DVD_153  |7 0  |8 COMP  |9 59435  |a BS  |b BS  |c Referencia  |d 2017-08-03  |o DVD-153  |p 1361196  |r 2021-12-01 00:00:00  |t c.1  |w 2017-08-03  |y DVD 
952 |0 0  |1 0  |2 ddc  |4 0  |6 DVD_153  |7 0  |8 COMP  |9 59436  |a BS  |b BS  |c Referencia  |d 2017-08-03  |l 0  |o DVD-153  |p 1376699  |r 2022-01-21 00:00:00  |t c.2  |w 2017-08-03  |y DVD 
952 |0 0  |1 0  |2 ddc  |4 0  |6 DVD_153  |7 0  |8 COMP  |9 59437  |a BS  |b BS  |c Referencia  |d 2017-08-03  |o DVD-153  |p 1376698  |r 2021-12-01 00:00:00  |t c.4  |w 2017-08-03  |y DVD 
999 |c 30403  |d 30403